<?xml version="1.0" encoding="UTF-8"?>
<record
    xmlns:xsi="http://www.w3.org/2001/XMLSchema-instance"
    xsi:schemaLocation="http://www.loc.gov/MARC21/slim http://www.loc.gov/standards/marcxml/schema/MARC21slim.xsd"
    xmlns="http://www.loc.gov/MARC21/slim">

  <leader>00841nam a22001577a 4500</leader>
  <controlfield tag="003">OSt</controlfield>
  <controlfield tag="005">20161022092636.0</controlfield>
  <controlfield tag="008">161022b        xxu||||| |||| 00| 0 eng d</controlfield>
  <datafield tag="040" ind1=" " ind2=" ">
    <subfield code="c">RUA</subfield>
  </datafield>
  <datafield tag="082" ind1=" " ind2=" ">
    <subfield code="a">VEM PHO 2015 B483 Or.1</subfield>
  </datafield>
  <datafield tag="100" ind1=" " ind2=" ">
    <subfield code="9">10820</subfield>
    <subfield code="a">PHON SONARA; &#x1795;&#x17BB;&#x1793; &#x179F;&#x17BB;&#x178E;&#x17B6;&#x179A;&#x17C9;&#x17B6;</subfield>
  </datafield>
  <datafield tag="245" ind1=" " ind2=" ">
    <subfield code="a">Study on new castle disease and antibodies of local chicken by using HA and HI- test in roka kpus commune, saang district, kandal province; &#x179F;&#x17B7;&#x1780;&#x17D2;&#x179F;&#x17B6;&#x1796;&#x17B8;&#x1787;&#x17C6;&#x1784;&#x17BA;&#x1789;&#x17BC;&#x179C;&#x1780;&#x17B6;&#x179F; &#x1793;&#x17B7;&#x1784;&#x17A2;&#x1784;&#x17CB;&#x1791;&#x17B8;&#x1782;&#x17D0;&#x179A;&#x179A;&#x1794;&#x179F;&#x17CB;&#x1798;&#x17B6;&#x1793;&#x17CB;&#x1780;&#x17D2;&#x1793;&#x17BB;&#x1784;&#x179F;&#x17D2;&#x179A;&#x17BB;&#x1780;&#x1798;&#x17B6;&#x1793;&#x178F;&#x17B6;&#x1798;&#x179A;&#x1799;&#x17C8; HA &#x1793;&#x17B7;&#x1784;HI test &#x1780;&#x17D2;&#x1793;&#x17BB;&#x1784;&#x1783;&#x17BB;&#x17C6;&#x179A;&#x1780;&#x17B6;&#x1781;&#x17D2;&#x1796;&#x179F;&#x17CB; &#x179F;&#x17D2;&#x179A;&#x17BB;&#x1780;&#x179F;&#x17D2;&#x17A2;&#x17B6;&#x1784; &#x1781;&#x17C1;&#x178F;&#x17D2;&#x178F;&#x1780;&#x178E;&#x17D2;&#x178F;&#x17B6;&#x179B;</subfield>
  </datafield>
  <datafield tag="260" ind1=" " ind2=" ">
    <subfield code="a">Phnom Penh</subfield>
    <subfield code="b">RUA</subfield>
    <subfield code="c">2015</subfield>
  </datafield>
  <datafield tag="300" ind1=" " ind2=" ">
    <subfield code="a">xi; 39p;</subfield>
    <subfield code="b">ill;</subfield>
    <subfield code="c">29cm;</subfield>
  </datafield>
  <datafield tag="942" ind1=" " ind2=" ">
    <subfield code="2">ddc</subfield>
    <subfield code="c">VEM</subfield>
  </datafield>
  <datafield tag="999" ind1=" " ind2=" ">
    <subfield code="c">10413</subfield>
    <subfield code="d">10413</subfield>
  </datafield>
  <datafield tag="952" ind1=" " ind2=" ">
    <subfield code="0">0</subfield>
    <subfield code="1">0</subfield>
    <subfield code="2">ddc</subfield>
    <subfield code="4">0</subfield>
    <subfield code="6">VEM_PHO_2015_000000000000000_B483_OR_1</subfield>
    <subfield code="7">0</subfield>
    <subfield code="9">53440</subfield>
    <subfield code="a">LBB</subfield>
    <subfield code="b">LBB</subfield>
    <subfield code="c">B483</subfield>
    <subfield code="d">2016-10-22</subfield>
    <subfield code="l">1</subfield>
    <subfield code="o">VEM PHO 2015 B483 Or.1</subfield>
    <subfield code="p">A01223</subfield>
    <subfield code="r">2017-10-10</subfield>
    <subfield code="s">2017-10-07</subfield>
    <subfield code="w">2016-10-22</subfield>
    <subfield code="y">VEM</subfield>
  </datafield>
  <datafield tag="952" ind1=" " ind2=" ">
    <subfield code="0">0</subfield>
    <subfield code="1">0</subfield>
    <subfield code="2">ddc</subfield>
    <subfield code="4">0</subfield>
    <subfield code="6">VEM_PHO_2015_000000000000000_B483_OR_2</subfield>
    <subfield code="7">0</subfield>
    <subfield code="9">53441</subfield>
    <subfield code="a">LBB</subfield>
    <subfield code="b">LBB</subfield>
    <subfield code="c">B483</subfield>
    <subfield code="d">2016-10-22</subfield>
    <subfield code="o">VEM PHO 2015 B483 Or.2</subfield>
    <subfield code="p">A00507</subfield>
    <subfield code="r">2016-10-22</subfield>
    <subfield code="w">2016-10-22</subfield>
    <subfield code="y">VEM</subfield>
  </datafield>
  <datafield tag="952" ind1=" " ind2=" ">
    <subfield code="0">0</subfield>
    <subfield code="1">0</subfield>
    <subfield code="2">ddc</subfield>
    <subfield code="4">0</subfield>
    <subfield code="6">VEM_PHO_2015_000000000000000_B483_OR_3</subfield>
    <subfield code="7">0</subfield>
    <subfield code="9">53442</subfield>
    <subfield code="a">LBB</subfield>
    <subfield code="b">LBB</subfield>
    <subfield code="c">B483</subfield>
    <subfield code="d">2016-10-22</subfield>
    <subfield code="o">VEM PHO 2015 B483 Or.3</subfield>
    <subfield code="p">A01440</subfield>
    <subfield code="r">2016-10-22</subfield>
    <subfield code="w">2016-10-22</subfield>
    <subfield code="y">VEM</subfield>
  </datafield>
  <datafield tag="952" ind1=" " ind2=" ">
    <subfield code="0">0</subfield>
    <subfield code="1">0</subfield>
    <subfield code="2">ddc</subfield>
    <subfield code="4">0</subfield>
    <subfield code="6">VEM_PHO_2015_000000000000000_B483_OR_4</subfield>
    <subfield code="7">0</subfield>
    <subfield code="9">53443</subfield>
    <subfield code="a">LBB</subfield>
    <subfield code="b">LBB</subfield>
    <subfield code="c">B483</subfield>
    <subfield code="d">2016-10-22</subfield>
    <subfield code="o">VEM PHO 2015 B483 Or.4</subfield>
    <subfield code="p">A01365</subfield>
    <subfield code="r">2016-10-22</subfield>
    <subfield code="w">2016-10-22</subfield>
    <subfield code="y">VEM</subfield>
  </datafield>
  <datafield tag="952" ind1=" " ind2=" ">
    <subfield code="0">0</subfield>
    <subfield code="1">0</subfield>
    <subfield code="2">ddc</subfield>
    <subfield code="4">0</subfield>
    <subfield code="6">VEM_PHO_2015_000000000000000_B483_OR_5</subfield>
    <subfield code="7">0</subfield>
    <subfield code="9">53444</subfield>
    <subfield code="a">LBB</subfield>
    <subfield code="b">LBB</subfield>
    <subfield code="c">B483</subfield>
    <subfield code="d">2016-10-22</subfield>
    <subfield code="o">VEM PHO 2015 B483 Or.5</subfield>
    <subfield code="p">A00729</subfield>
    <subfield code="r">2016-10-22</subfield>
    <subfield code="w">2016-10-22</subfield>
    <subfield code="y">VEM</subfield>
  </datafield>
  <datafield tag="952" ind1=" " ind2=" ">
    <subfield code="0">0</subfield>
    <subfield code="1">0</subfield>
    <subfield code="2">ddc</subfield>
    <subfield code="4">0</subfield>
    <subfield code="6">VEM_PHO_2015_000000000000000_B483_OR_6</subfield>
    <subfield code="7">0</subfield>
    <subfield code="9">53445</subfield>
    <subfield code="a">LBB</subfield>
    <subfield code="b">LBB</subfield>
    <subfield code="c">B483</subfield>
    <subfield code="d">2016-10-22</subfield>
    <subfield code="o">VEM PHO 2015 B483 Or.6</subfield>
    <subfield code="p">A00464</subfield>
    <subfield code="r">2016-10-22</subfield>
    <subfield code="w">2016-10-22</subfield>
    <subfield code="y">VEM</subfield>
  </datafield>
  <datafield tag="952" ind1=" " ind2=" ">
    <subfield code="0">0</subfield>
    <subfield code="1">0</subfield>
    <subfield code="2">ddc</subfield>
    <subfield code="4">0</subfield>
    <subfield code="6">VEM_PHO_2015_000000000000000_B483_OR_7</subfield>
    <subfield code="7">0</subfield>
    <subfield code="9">53446</subfield>
    <subfield code="a">LBB</subfield>
    <subfield code="b">LBB</subfield>
    <subfield code="c">B483</subfield>
    <subfield code="d">2016-10-22</subfield>
    <subfield code="o">VEM PHO 2015 B483 Or.7</subfield>
    <subfield code="p">A02462</subfield>
    <subfield code="r">2016-10-22</subfield>
    <subfield code="w">2016-10-22</subfield>
    <subfield code="y">VEM</subfield>
  </datafield>
  <datafield tag="952" ind1=" " ind2=" ">
    <subfield code="0">0</subfield>
    <subfield code="1">0</subfield>
    <subfield code="2">ddc</subfield>
    <subfield code="4">0</subfield>
    <subfield code="6">VEM_PHO_2015_000000000000000_B043_OR</subfield>
    <subfield code="7">0</subfield>
    <subfield code="9">53447</subfield>
    <subfield code="a">LBB</subfield>
    <subfield code="b">LBB</subfield>
    <subfield code="c">B043</subfield>
    <subfield code="d">2016-10-22</subfield>
    <subfield code="o">VEM PHO 2015 B043 Or.</subfield>
    <subfield code="p">A02538</subfield>
    <subfield code="r">2016-10-22</subfield>
    <subfield code="w">2016-10-22</subfield>
    <subfield code="y">VEM</subfield>
  </datafield>
  <datafield tag="952" ind1=" " ind2=" ">
    <subfield code="0">0</subfield>
    <subfield code="1">0</subfield>
    <subfield code="2">ddc</subfield>
    <subfield code="4">0</subfield>
    <subfield code="6">VEM_PHO_2015_000000000000000_B694_OR</subfield>
    <subfield code="7">0</subfield>
    <subfield code="9">87577</subfield>
    <subfield code="a">LBB</subfield>
    <subfield code="b">LBB</subfield>
    <subfield code="c">B043</subfield>
    <subfield code="d">2021-11-22</subfield>
    <subfield code="o">VEM PHO 2015 B694 Or.</subfield>
    <subfield code="p">a066039</subfield>
    <subfield code="r">2021-11-22</subfield>
    <subfield code="w">2021-11-22</subfield>
    <subfield code="y">VEM</subfield>
  </datafield>
</record>
